Se sont-ils croisés en club ? - Statistiques

Statistiques générales
  • Ce quiz a été pris 33 fois
    19 depuis la dernière actualisation
  • Le résultat moyen est 6 sur 10
Statistiques - réponses
Question Réponse % Correct
Adil Rami et Eden Hazard ? Oui
88%
Toni Kroos et Kylian Mbappé Non
81%
David Luiz et Neymar Non
69%
Lionel Messi et Gonzalo Higuain ? Non
69%
Declan Rice et Dimitri Payet ? Oui
69%
Sadio Mané et Robert Lewandowski ? Non
63%
Cristiano Ronaldo et Dimitar Berbatov ? Oui
56%
Adrien Rabiot et Pierre Kalulu ? Non
44%
Alvaro Morata et Mauro Icardi ? Oui
44%
Roberto Firmino et David Alaba ? Oui
38%
Aucun quiz correspondant
Distribution des résultats
% des personnes avec chaque résultat
Percentile par nombre de réponses
Votre historique - résultats
Vous n’avez pas pris ce quiz depuis la dernière actualisation